| 000 | 00610nam a2200181Ia 4500 | ||
|---|---|---|---|
| 003 | GCL | ||
| 008 | 140319s9999 xx 000 0 ara d | ||
| 040 |
_aGCL / _cGCL |
||
| 082 | 0 | 4 |
_a159 _bم ص |
| 100 | 1 | _aمحمد احمد النابلسى | |
| 245 | 1 | 0 |
_aالصدمة النفسية: علم نفس الحروب والكوارث / _cمحمد احمد النابلسى |
| 300 | _a311 ص | ||
| 490 |
_aالثقافة النفسية _v0 |
||
| 650 | 0 | 4 | _aعلم النفس |
| 650 | 0 | 4 | _aالكوارث - الجوانب النفسية |
| 650 | 0 | 4 | _aالحرب - الجوانب النفسية |
| 942 |
_2ddc _cBK |
||
| 999 |
_c49442 _d49442 |
||